| 000 | 00616nam a2200205Ia 4500 | ||
|---|---|---|---|
| 003 | OSt | ||
| 005 | 20250903113657.0 | ||
| 008 | 220923b |||||||| |||| 00| 0 eng d | ||
| 037 | _cReference | ||
| 040 |
_aRTL _cRTL _beng |
||
| 041 |
_2eng _aeng |
||
| 084 |
_aO:m3 M2/SC _qRTL |
||
| 245 | 0 |
_aLondon review of books: Anthology two _b |
|
| 260 |
_aLondon _bJuction Books _c1982 |
||
| 300 |
_avii, 259 p. _bIncludes bibliographical reference and index |
||
| 650 |
_aEnglish poem _9815446 |
||
| 650 | _aEnglish literature | ||
| 942 |
_hO:m3 M2/SC _cREF _2CC _n0 |
||
| 999 |
_c569984 _d569984 |
||